A Hódmezővásárhelyi-Makói Egészségügyi Ellátó Központ közvetett költségeinek vizsgálata

Bibliográfiai részletek
Szerző: Asztalos Anett
További közreműködők: Czine Vanda
Dokumentumtípus: Záródolgozat
Kulcsszavak:egészségügy
fedezetszámítás
kórházi controlling
költségek
önköltség
Online Access:http://dolgozattar.uni-bge.hu/60402

MARC

LEADER 00000nta a2200000 i 4500
001 dolg60402
005 20260409150533.0
008 260409suuuu hu o 000 hun d
040 |a BGE Dolgozattár Repozitórium  |b hun 
041 |a hu 
100 1 |a Asztalos Anett 
245 1 2 |a A Hódmezővásárhelyi-Makói Egészségügyi Ellátó Központ közvetett költségeinek vizsgálata  |c Asztalos Anett  |h [elektronikus dokumentum] 
516 |a Final_paper 
520 3 |a A dolgozat a Hódmezővásárhelyi-Makói Egészségügyi Ellátó Központ közvetett költségeit vizsgálja két példán keresztül, bemutatva a jól felépített, integrált kontrollingrendszer működését. Rámutat, hogy a hatékonyság kulcsa a pontos és időben rendelkezésre álló adatokban rejlik, mivel ezek hiánya torzíthatja a költségeket és a fedezeti mutatókat. A gyógyszertár és a konyha elemzése igazolja a kontrolling döntéstámogató szerepét. Bár a rendszer stabil, további fejlesztést igényel az adatminőség, a digitalizáció és a személyi erőforrások terén. 
695 |a egészségügy 
695 |a fedezetszámítás 
695 |a kórházi controlling 
695 |a költségek 
695 |a önköltség 
700 1 |a Czine Vanda  |e ths 
856 4 0 |u http://dolgozattar.uni-bge.hu/60402/1/Szakdolgozat.pdf  |z Dokumentum-elérés 
856 4 0 |u http://dolgozattar.uni-bge.hu/60402/2/Titkos%C3%ADt%C3%A1si%20k%C3%A9relem%2C%20nyilatkozat.pdf  |z Dokumentum-elérés 
856 4 0 |u http://dolgozattar.uni-bge.hu/60402/3/szakdolgozat-biralat-es-javaslat_2025_Asztalos%20Anett.pdf  |z Dokumentum-elérés